| 000 | 00701nam a22001937a 4500 | ||
|---|---|---|---|
| 005 | 20100809121349.0 | ||
| 010 | _aENG-99031 | ||
| 020 |
_a9788179662656 _c100.00 |
||
| 035 | _aEN-82563 | ||
| 037 | _bDBAD/PUB | ||
| 082 | _a793.74 | ||
| 100 |
_aLee, IIchi _99814 |
||
| 245 |
_aMaking the best of your brain : _ba practical approach / _cby Iichi Lee |
||
| 260 |
_aChennai _bEmerald Publishers _c2010 |
||
| 270 |
_a15A, First Floor, Casa Nagar Road Egmore _bChennai _e600008 |
||
| 300 |
_a98p. _c21cm (pbk) |
||
| 942 |
_2ddc _cEN _h793.74 _mLEE |
||
| 999 |
_c40302 _d40302 |
||